MAASAI MARA UNIVERSITY

LIBRARY CATALOGUE

Contact Us: +254 020 2685356/7 or 0774 057787

Box: 861-20500, NAROK, KENYA

Email: info@mmarau.ac.ke

_Management : A Biblical Approach / (Record no. 1519)

MARC details
000 -LEADER
fixed length control field 00588nam a2200205Ia 4500
003 - CONTROL NUMBER IDENTIFIER
control field OSt
005 - DATE AND TIME OF LATEST TRANSACTION
control field 20170518092257.0
008 - FIXED-LENGTH DATA ELEMENTS--GENERAL INFORMATION
fixed length control field 151015s9999 xx 000 0 und d
020 ## - INTERNATIONAL STANDARD BOOK NUMBER
International Standard Book Number 9966805729
040 ## - CATALOGING SOURCE
Transcribing agency MMU
050 ## - LIBRARY OF CONGRESS CALL NUMBER
Classification number HD 38 .R845 2009
100 ## - MAIN ENTRY--PERSONAL NAME
Personal name Rush Myron
245 ## - TITLE STATEMENT
Title _Management : A Biblical Approach /
Statement of responsibility, etc. Myron Rus
250 ## - EDITION STATEMENT
Edition statement _Management : A Biblical Approach / Myron Rush
260 ## - PUBLICATION, DISTRIBUTION, ETC. (IMPRINT)
Place of publication, distribution, etc. Nairobi : WordAlive 2009
500 ## - GENERAL NOTE
General note Includes Index
650 ## - SUBJECT ADDED ENTRY--TOPICAL TERM
Topical term or geographic name as entry element _Biblical Philosophy of Management
700 ## - ADDED ENTRY--PERSONAL NAME
Personal name ^d20131129 09:34:32^okorir
942 ## - ADDED ENTRY ELEMENTS (KOHA)
Source of classification or shelving scheme Library of Congress Classification
Koha item type L

No items available.

© 2016 Maasai Mara University.